[Event "20th Prague Open 2022"]
[Site "Prague"]
[Date "2022.01.10"]
[Round "5.22"]
[White "Cholleti Sahajasri"]
[Black "Gajdos, Daniel"]
[Result "1-0"]
[WhiteElo "2235"]
[BlackElo "2076"]
[Annotator "TA"]
[PlyCount "53"]
[EventDate "2022.01.07"]
[EventType "swiss"]
[EventCountry "CZE"]
[SourceTitle "playchess.com"]
[Source "ChessBase"]
[SourceQuality "1"]

{[%evp 21,53,4,13,20,27,12,14,9,43,37,163,88,191,197,195,200,197,200,415,182,753,518,516,501,506,485,616,575,768,762,768,800,986,931]} 1. d4 Nf6 2. c4 e6 3. Nc3 d5 4. Nf3 c5 5. cxd5 Nxd5 6. e4 Nxc3 7. bxc3 cxd4 8. cxd4 Bb4+ 9. Bd2 Bxd2+ 10. Qxd2 O-O 11. Bc4 Nd7 12. O-O {D41: Queen's Gambit Declined: Semi-Tarrasch with 5 cxd5.} b6 13. Rad1 Bb7 14. Bd3 {[#] The position is equal.} e5 $146 ({Predecessor:} 14... Rc8 15. Rfe1 Qf6 16. e5 Qe7 17. Ng5 h6 18. Ne4 Bxe4 19. Bxe4 Rfd8 20. f4 g6 21. Kh1 Nf8 22. Rc1 Qa3 23. Rxc8 Rxc8 {½-½ (23) Hracek,Z (2606)-Macieja,B (2618) Novi Sad 2009}) 15. d5 f5 (15... Nc5 $14) 16. exf5 (16. Ng5 $18) 16... Nc5 (16... Bxd5 $16 17. Be2 Nf6) 17. Nxe5 $18 {[%cal Od5d6] Strongly threatening d6!} Qd6 18. Rfe1 Rae8 19. f4 b5 $2 (19... Nxd3 {might work better.} 20. Qxd3 Rc8) 20. Qe3 (20. Bxb5 $142 Re7 21. Qb4) 20... Qxd5 $2 {[#]} (20... Nxd3 21. Qxd3 a6) 21. Bc4 $1 {[%mdl 512] White is clearly winning.} Qxc4 22. Nxc4 Rxe3 23. Nxe3 a5 24. Nd5 b4 25. Re5 {[#] And now Ne7+ would win.} Bxd5 26. Rdxd5 Nb7 27. Rd7 {Black did not feel at home in the position after the opening.  Weighted Error Value: White=0.53/Black=0.70} 1-0

[Event "20th Prague Open 2022"]
[Site "Prague"]
[Date "2022.01.10"]
[Round "5.23"]
[White "Matras, Ondrej"]
[Black "Llopis de Aysa, Manuel"]
[Result "1-0"]
[WhiteElo "2223"]
[BlackElo "2035"]
[Annotator "TA"]
[PlyCount "51"]
[EventDate "2022.01.07"]
[EventType "swiss"]
[EventCountry "CZE"]
[SourceTitle "playchess.com"]
[Source "ChessBase"]
[SourceQuality "1"]

{[%evp 10,51,47,52,43,33,28,3,4,2,62,53,63,42,55,52,63,0,20,15,50,-32,-25,-19,0,-62,-70,-50,-46,-50,-58,-54,66,85,240,235,236,225,302,261,258,265,327,324]} 1. d4 d6 2. e4 g6 3. c4 Bg7 4. Nc3 e5 5. d5 a5 6. Bd3 Na6 {A42: Modern Defence: Averbakh Variation.} 7. Be3 Bd7 8. Qd2 f5 {[#] The position is equal.} 9. f3 $146 ({Predecessor:} 9. exf5 gxf5 10. f3 Nc5 11. Nge2 Nxd3+ 12. Qxd3 Qh4+ 13. Bf2 Qh6 14. O-O Nf6 15. Nb5 {0-1 (41) Molina Mansilla,R (2319)-Vassallo Barroche,M (2391) Cala Galdana 1999}) 9... Nf6 ({Black should play} 9... Nb4 $11) 10. exf5 $14 gxf5 11. Nge2 O-O 12. O-O-O a4 {[%cal Oa4a3]} 13. Bh6 {White is more active.} (13. Bb1 $14) 13... Nc5 14. Bc2 Nh5 15. g4 (15. Bg5 $14 Qe8 16. Rhg1) 15... fxg4 $15 16. fxg4 Nf4 17. g5 ({White should try} 17. Bxg7 $11 Nxe2+ 18. Nxe2 Kxg7 19. Rhg1) 17... Bxh6 18. gxh6 {[#] Threatens to win with Nxf4.} Qh4 19. Rhg1+ {[%cal Bh1g1,Bg1g7,Bg7c7][%mdl 32]} Kh8 20. Nxf4 Qxf4 (20... Rxf4 $15 21. Rg7 Bf5 22. Bxf5 (22. Rxc7 Bxc2 23. Qxc2 Qxh6 $17) 22... Rxf5 23. Rxc7 Rf2) 21. Rg7 Qxd2+ $2 {Black cannot hold the game after this.} (21... Bf5 $16) 22. Rxd2 $18 {The board is on fire.} Bf5 (22... Rf1+ $2 23. Rd1 Raf8 24. Ne4 (24. Bxh7 Rxd1+ 25. Nxd1 Rf4 $11) (24. Rxh7+ Kg8 $16)) 23. Rxc7 Bxc2 24. Kxc2 {aiming for Nb5. White has a decisive advantage.} Rf6 25. Nb5 {[%cal Ob5d6] Strongly threatening Nxd6!} Rxh6 {[#]} 26. Nxd6 $1 {[%mdl 512] Weighted Error Value: White=0.17 (very precise) /Black=0.37} 1-0

[Event "20th Prague Open 2022"]
[Site "Prague"]
[Date "2022.01.10"]
[Round "5.24"]
[White "Kukucka, Matej"]
[Black "Babula, Vlastimil"]
[Result "1/2-1/2"]
[WhiteElo "2104"]
[BlackElo "2561"]
[Annotator "TA"]
[PlyCount "61"]
[EventDate "2022.01.07"]
[EventType "swiss"]
[EventCountry "CZE"]
[SourceTitle "playchess.com"]
[Source "ChessBase"]
[SourceQuality "1"]

{[%evp 15,61,0,-12,-18,-20,-12,-9,-29,0,0,37,0,0,2,50,70,323,110,445,312,259,144,158,97,123,129,115,-4,-6,-8,395,390,560,555,1278,1271,1652,1706,1654,1608,1504,1446,1476,0,0,0,1206,0]} 1. d4 Nf6 2. c4 g6 3. Nc3 Bg7 4. e4 d6 5. f4 c5 6. dxc5 Qa5 7. Bd3 Nfd7 8. Bd2 Nxc5 9. Bc2 {E76: King's Indian: Four Pawns Attack: Lines specific to 6 Nf3 move-order.} Nc6 10. Nd5 Qd8 11. b4 {The position is equal.} Ne6 12. Nf3 {[#]} Ned4 $146 ({Predecessor:} 12... O-O 13. Rb1 Ned4 14. Nxd4 Nxd4 15. Bc3 Bg4 16. Qd2 e5 17. Bxd4 exd4 18. f5 gxf5 {1-0 (28) Garcia Palermo,C (2465)-Yurtaev,L (2515) Manila 1992}) 13. Nxd4 (13. Bc3 {seems wilder.} Bg4 14. b5 Nb4 15. Bxb4 Nxc2+ 16. Qxc2 Bxa1 17. e5) 13... Bxd4 14. Rb1 e5 (14... O-O $11 {might be stronger.}) 15. f5 $36 {[%mdl 2048] White has the initiative.} f6 $2 {[%mdl 8192]} (15... a5 $1 $14) 16. b5 $2 (16. Rf1 $18 {has better winning chances.}) 16... Nb8 $2 {[%mdl 8192]} (16... Na5 $16 {is a better chance.}) 17. Qf3 {[#] fxg6 is the strong threat.} Nd7 18. h4 (18. Rf1 $18) 18... b6 19. Rf1 {White is much more active. Black has bad knights.} ({White should try} 19. fxg6 hxg6 20. Qg3) 19... Bb7 $16 20. fxg6 hxg6 21. Bg5 Bxd5 $11 22. exd5 O-O $2 {[%mdl 8192]} (22... e4 $1 $11 23. Qxe4+ Qe7 24. Qxe7+ Kxe7) 23. Bxg6 $18 ({Weaker is} 23. Bh6 f5 24. Qh3 e4 $18) 23... Kg7 {Inhibits Bh6+.} (23... fxg5 24. Bf7+ Kg7 25. Qh5) (23... Qe7 {was called for.}) 24. Bf5 {[#] Hoping for Qh5.} fxg5 25. Qh5 {White threatens Qg6+ and mate.} Rf7 26. Qg6+ Kf8 27. Qh6+ Ke7 28. Qe6+ ({But not} 28. Bxd7 $2 Rxf1+ 29. Kxf1 Kxd7 $19) 28... Kf8 29. Qh6+ $2 (29. Qxd6+ $18 Ke8 30. Bg6) 29... Ke7 $11 {Strongly threatening ...Qg8.} (29... Ke8 $2 30. Bg6 Nf6 31. Qg7 $18) 30. Qe6+ $2 {[%mdl 8192]} ({Avoid the trap} 30. Bxd7 $2 Rxf1+ 31. Kxf1 Kxd7 $19) (30. Qxg5+ $11 Nf6 31. Be6) 30... Kf8 $18 {[%cal Oe5e4]} 31. Qh6+ $2 {Weighted Error Value: White=0.51/Black=1.21} (31. Qxd6+ $18 Ke8 32. Bg6) 1/2-1/2

[Event "20th Prague Open 2022"]
[Site "Prague"]
[Date "2022.01.11"]
[Round "6.1"]
[White "Pijpers, Arthur"]
[Black "Mirzoev, Azer"]
[Result "1/2-1/2"]
[WhiteElo "2485"]
[BlackElo "2420"]
[Annotator "TA"]
[PlyCount "57"]
[EventDate "2022.01.07"]
[EventType "swiss"]
[EventCountry "CZE"]
[SourceTitle "playchess.com"]
[Source "ChessBase"]
[SourceQuality "1"]

{[%evp 21,57,31,38,0,24,24,25,25,33,37,54,-19,-16,-12,19,-4,18,4,11,0,0,-9,0,0,26,23,27,26,32,27,46,0,77,22,91,0,83,91]} 1. e4 e6 2. d4 d5 3. Nc3 Nf6 4. e5 Nfd7 5. f4 c5 6. Nf3 Nc6 7. Be3 cxd4 8. Nxd4 Bc5 9. Qd2 Bxd4 10. Bxd4 Nxd4 11. Qxd4 Qb6 12. Qd2 {was the old line (12.Qxb6). C11: French: Classical System: 4 e5 and 4 Bg5 dxe4.} Nc5 13. O-O-O Bd7 14. Qd4 {White has an edge.} Bc6 15. h4 Nd7 16. h5 (16. Qxb6 $14 Nxb6 17. Ne2) 16... Qxd4 $11 17. Rxd4 {[#]} h6 $146 ({Predecessor:} 17... f6 18. h6 fxe5 19. hxg7 Rg8 20. fxe5 Rxg7 21. Rdh4 Nxe5 22. Rxh7 Kf7 23. Kd2 Rf8 {½-½ (29) Praczukowski,S (1972)-Safanowski,T (1870) Warsaw 2015}) 18. Rh3 Ke7 19. b4 {[%cal Bb2b4,Bb4b5][%mdl 32] And now b5 would win.} a6 20. Kb2 Nb6 21. Bd3 Rhd8 22. g4 {[%cal Bg2g4,Bg4g5,Bg5g6][%mdl 32]} a5 23. b5 Be8 24. g5 Rac8 25. a4 Bd7 26. Nd1 (26. g6 $14) 26... f5 (26... f6 $11 {remains equal.}) 27. Rg3 ({Of course not} 27. exf6+ $6 gxf6 28. gxf6+ Kxf6 $11) (27. g6 $1 $16) 27... Be8 {[#]} (27... hxg5 $11 28. Rxg5 Kf7) 28. Be2 ({White should play} 28. g6 $1 $16) 28... Bf7 {[#]} (28... hxg5 $11 29. Rxg5 Kf8) 29. g6 $1 {Weighted Error Value: White=0.25 (precise) /Black=0.28 (precise)} 1/2-1/2

[Event "20th Prague Open 2022"]
[Site "Prague"]
[Date "2022.01.11"]
[Round "6.2"]
[White "Jurcik, Marian"]
[Black "Mikes, Jan"]
[Result "1/2-1/2"]
[WhiteElo "2397"]
[BlackElo "2329"]
[Annotator "TA"]
[PlyCount "73"]
[EventDate "2022.01.07"]
[EventType "swiss"]
[EventCountry "CZE"]
[SourceTitle "playchess.com"]
[Source "ChessBase"]
[SourceQuality "1"]

{[%evp 12,73,24,12,20,14,40,49,40,51,60,41,51,66,81,54,54,65,67,0,0,0,21,0,0,-21,20,0,0,0,0,-56,-38,-35,33,-24,-22,-107,-92,-111,-98,-102,-93,-94,-101,-120,0,0,0,0,0,0,0,0,0,0,0,-15,66,21,84,0,135,0]} 1. e4 c6 2. d4 d5 3. exd5 cxd5 4. Bd3 Nc6 5. c3 Nf6 6. Bf4 Bg4 7. Qb3 e5 {[#] B13: Caro-Kann: Exchange Variation and Panov-Botvinnik Attack.} 8. h3 $1 {[%cal Bh2h3,Bh3g4,Bg4g5][%mdl 4] is now more promising than 8.dxe5.} exf4 (8... Na5 $5 {[%cal Ra5b3]} 9. Qc2 exf4 10. hxg4 Nxg4 $11) 9. hxg4 Qe7+ {White is slightly better.} 10. Kf1 O-O-O 11. Nd2 g6 12. Re1 Qc7 13. g5 Nh5 14. Be2 Ng7 {[#]} 15. Bg4+ $146 (15. Ngf3 $14) ({Predecessor:} 15. Ngf3 Ne6 16. Bb5 Bg7 17. Qa4 Rd6 18. Nb3 b6 19. Nc1 Nb8 20. Nd3 Kb7 21. Nb4 {1-0 (43) Shankland,S (2671)-Liang,A (2552) Saint Louis 2018}) 15... Kb8 $1 $11 16. Ngf3 h5 {[%cal Oh5g4]} 17. Bh3 Be7 18. Qb5 Ne8 (18... f6 $142) 19. Nb3 a6 20. Qd3 Rg8 21. Nc5 (21. Qd2 $11) 21... Bxc5 $15 22. dxc5 f6 (22... Qa5 $15) 23. Be6 (23. b4 $14) 23... Rg7 $11 24. b4 (24. Bh3 $11) 24... fxg5 $17 25. Nxg5 {Black must now prevent Bh3.} Qe7 $1 26. Nf3 Nc7 27. Bh3 Qf6 28. a4 {aiming for b5.} Re7 (28... d4 $17 29. cxd4 Nxd4) 29. Rxe7 $11 Nxe7 30. Nd4 $36 {[%mdl 2048] Strongly threatening b5. White has some pressure.} g5 {And now ...g4 would win.} 31. Bf5 Rf8 {[%cal Re7f5]} 32. Bd7 Rd8 33. Bf5 h4 (33... Rf8 $5 {[%cal Re7f5]} 34. Bd7 Rd8 35. Bf5 $11) 34. f3 Rf8 ({Better is} 34... Nxf5 $11 35. Qxf5 Qxf5 36. Nxf5 d4) 35. Bd7 (35. Bh3 $1 $14 {was preferrable.}) 35... Rd8 {[#]} (35... Ng6 $11 {remains equal.} 36. Qf5 Ne5 37. Qxf6 Rxf6) 36. Bg4 {White is much more active.} (36. Bh3 $1 $16) 36... Re8 {[#]} (36... Nc6 $11) 37. Bd7 {Weighted Error Value: White=0.21 (precise) /Black=0.25 (precise)} ({White should play} 37. b5 $1 $16 {[%cal Rb5b6]}) 1/2-1/2

[Event "20th Prague Open 2022"]
[Site "Prague"]
[Date "2022.01.11"]
[Round "6.3"]
[White "Lim, Zhuo Ren"]
[Black "Neuman, Petr"]
[Result "1/2-1/2"]
[WhiteElo "2311"]
[BlackElo "2402"]
[Annotator "TA"]
[PlyCount "26"]
[EventDate "2022.01.07"]
[EventType "swiss"]
[EventCountry "CZE"]
[SourceTitle "playchess.com"]
[Source "ChessBase"]
[SourceQuality "1"]

{[%evp 12,26,11,9,10,10,18,7,33,0,12,-13,-4,-21,0,-31,-39]} 1. c4 {ChessBase} c6 2. Nf3 d5 3. g3 g6 4. Bg2 Bg7 5. O-O Nf6 6. d4 O-O 7. Ne5 Ne4 {7...Ng4 is becoming the main line. D78: Fianchetto Grünfeld: 6 0-0 c6.} 8. Nc3 f6 9. Nf3 {[#]} Be6 $146 {The position is equal.} ({Predecessor:} 9... Nxc3 10. bxc3 dxc4 11. Nd2 Be6 12. Rb1 Qd7 13. a4 b6 14. e4 Na6 15. Qe2 b5 16. Rd1 Nc7 17. Ba3 Rfe8 18. Nf1 {½-½ (76) Iliesco,J-Puiggros,G Mar del Plata 1944 HCL [ChessBase]}) 10. Qb3 Qb6 11. c5 Qxb3 12. axb3 Nd7 13. Nd2 Nxd2 {Weighted Error Value: White=0.14 (very precise) /Black=0.11 (very precise)} 1/2-1/2

[Event "20th Prague Open 2022"]
[Site "Prague"]
[Date "2022.01.11"]
[Round "6.4"]
[White "Kulhanek, Tomas"]
[Black "Haring, Filip"]
[Result "1/2-1/2"]
[WhiteElo "2323"]
[BlackElo "2398"]
[Annotator "TA"]
[PlyCount "88"]
[EventDate "2022.01.07"]
[EventType "swiss"]
[EventCountry "CZE"]
[SourceTitle "playchess.com"]
[Source "ChessBase"]
[SourceQuality "1"]

{[%evp 12,88,31,25,39,35,36,26,28,20,32,0,22,22,19,16,9,7,25,22,45,44,44,50,45,10,6,-18,-28,-31,-19,-50,0,0,0,0,0,0,0,0,0,0,0,0,0,0,0,0,0,0,0,0,0,-5,-6,-6,0,-6,0,0,0,0,0,0,0,0,0,0,0,0,0,0,0,0,0,0,0,0,0]} 1. e4 c6 2. d4 d5 3. exd5 cxd5 4. Bf4 Nc6 5. c3 Nf6 6. Nd2 g6 7. Bd3 Bf5 $1 {[%mdl 4] is currently scoring better than 7...Bg7. B13: Caro-Kann: Exchange Variation and Panov-Botvinnik Attack.} 8. Bxf5 gxf5 9. Ngf3 e6 {White has an edge.} 10. Ne5 Bd6 11. Nd3 {[#]} Ne4 $146 ({Predecessor:} 11... Bxf4 12. Nxf4 Qd6 13. Nd3 O-O-O 14. Nf3 Rhg8 15. g3 Ne4 16. Nfe5 Nxe5 17. Nxe5 Qc7 {½-½ (65) Nikolovski,N (2454)-Papp,P (2338) Chess.com INT 2020}) 12. Bxd6 Qxd6 13. f3 Nf6 14. Qe2 Nd7 15. g4 Ne7 16. O-O-O O-O-O 17. Kb1 h5 18. h3 Rdg8 19. Ne5 Nxe5 20. dxe5 Qb6 21. Nb3 a6 ({Better is} 21... hxg4 $15 22. fxg4 fxg4 23. hxg4 Rxh1 24. Rxh1 Nc6) 22. Nd4 $11 {The position is equal.} fxg4 23. hxg4 hxg4 24. fxg4 Ng6 25. Qe3 Qc7 {[#] aiming for ...Rxh1.} 26. Nf3 Qc4 27. Nd4 Rxh1 28. Rxh1 Rh8 29. Rxh8+ Nxh8 30. Qf3 {Inhibits Qf1+.} Kd7 31. b3 Qc7 32. Qe3 Ng6 33. Nf3 Ke8 34. Kb2 Kd7 35. a4 Ke8 36. Kc2 Kd7 37. Kb2 Kc8 38. Qa7 Kd7 39. Qe3 Ke7 40. Qg5+ Kf8 41. Qh6+ Ke8 42. Qe3 Kf8 43. Qh6+ Ke8 44. Qe3 Kf8 {Weighted Error Value: White=0.05 (flawless) /Black=0.04 (flawless)} 1/2-1/2

[Event "20th Prague Open 2022"]
[Site "Prague"]
[Date "2022.01.11"]
[Round "6.5"]
[White "Kozak, Antoni"]
[Black "Acor, Corey"]
[Result "1-0"]
[WhiteElo "2356"]
[BlackElo "2303"]
[Annotator "TA"]
[PlyCount "35"]
[EventDate "2022.01.07"]
[EventType "swiss"]
[EventCountry "CZE"]
[SourceTitle "playchess.com"]
[Source "ChessBase"]
[SourceQuality "1"]

{[%evp 9,35,10,16,17,29,21,18,8,61,56,48,50,100,29,72,29,34,34,39,27,14,0,6,18,16,0,931,949]} 1. d4 Nf6 2. c4 e5 3. dxe5 Ng4 4. e4 Nxe5 5. f4 Nec6 6. Nc3 {A52: Budapest Gambit.} Bc5 {To avoid Be3} 7. Qg4 O-O {[%cal Od7d5]} 8. f5 {The position is equal.} Ne5 ({Better is} 8... Kh8 $11) 9. Qg3 $14 Re8 {[#]} 10. Nf3 $146 ({Predecessor:} 10. Bf4 Nbc6 11. O-O-O f6 12. Nf3 Kh8 13. Be2 a6 14. Nxe5 Nxe5 15. Qh4 c6 16. Bh5 {½-½ (40) Chojnacki,K (2377)-Kumala,A (2140) Szklarska Poreba 2021}) 10... Nbc6 {[#]} (10... d6 $14) 11. Nd5 $40 {[%mdl 128] Black needs to defend precisely.} (11. Bh6 $1 $16 {[%csl Gh6][%cal Rg3g7]} Bf8 12. Nxe5 Nxe5 13. Be2) 11... f6 (11... Kh8 $11) 12. Bf4 (12. Bh6 $1 $16 {[%csl Gh6][%cal Rg3g7]} Bf8 13. Be2) 12... Kh8 $11 {[%cal Oe5c4]} 13. O-O-O a5 14. Be2 {[%cal Bf1e2,Be2h5,Bh5f7][%mdl 32]} d6 15. Nh4 Nd4 16. Bh5 {[#] And now Be3 would win.} c6 $1 (16... Nxc4 $2 17. Rhe1 Ne5 18. Be3 $18 (18. Bxe8 Qxe8 19. Be3 Qc6 $16)) 17. Nc3 {The board is on fire.} Nxc4 $2 {[%mdl 8192]} (17... Re7 $11) 18. Bf7 {Weighted Error Value: White=0.15 (very precise) /Black=0.20 (precise)} 1-0

[Event "20th Prague Open 2022"]
[Site "Prague"]
[Date "2022.01.11"]
[Round "6.6"]
[White "Van Osch, Mees"]
[Black "Vojta, Jakub"]
[Result "0-1"]
[WhiteElo "2364"]
[BlackElo "2289"]
[Annotator "TA"]
[PlyCount "92"]
[EventDate "2022.01.07"]
[EventType "swiss"]
[EventCountry "CZE"]
[SourceTitle "playchess.com"]
[Source "ChessBase"]
[SourceQuality "1"]

{[%evp 10,92,14,0,0,-7,0,-57,-64,-100,-85,-54,-86,-68,-69,-82,-36,-93,-90,-95,-102,-92,-101,-100,-110,-109,-91,-89,-60,-60,-60,-68,-54,-54,-47,-87,-36,-40,0,0,0,-8,-8,-8,-8,-8,-8,-8,-8,-8,-8,-8,-8,-8,-8,-8,-8,-8,-8,-8,-8,-122,-122,-261,-261,-261,-261,-261,-261,-29969,-184,-198,-198,-29972,-29973,-29971,-29972,-29989,-29990,-29995,-29985,-29991,-29992,-29992,-29992]} 1. e4 e6 2. d4 d5 3. Nc3 Bb4 4. e5 b6 5. Bd2 Ne7 6. a3 Bxc3 {C16: French: 3 Nc3 Bb4 4 e5: Lines without ...c5.} 7. Bxc3 Ba6 8. Ne2 (8. Bxa6 $11 Nxa6 9. f4) 8... c5 $15 {Black is slightly better.} 9. b4 {[#]} cxd4 $146 ({Predecessor:} 9... Qc7 10. f4 Nf5 11. Qd2 O-O 12. bxc5 bxc5 13. dxc5 Nd7 14. Nd4 Bxf1 15. Nxf5 exf5 16. Rxf1 Nxc5 17. Qxd5 {0-1 (22) Pershin,D (2139)-Martynov,P (2278) St Petersburg 2012}) 10. Nxd4 Bxf1 11. Kxf1 O-O 12. Qd3 Nd7 (12... Nbc6 $17 13. Nxc6 Nxc6) 13. h4 ({White should try} 13. f4 $15) 13... Nxe5 $17 14. Qg3 Nc4 {Threatens to win with ...Rc8.} 15. Nxe6 {[%csl Gc3,Ge6][%cal Rg3g7] [#]} Nf5 {Pair of Knights!} 16. Nxd8 Nxg3+ 17. fxg3 {aiming for Nc6.} Raxd8 18. Bd4 Rfe8 19. Kf2 Re4 20. c3 Rde8 {Black is more active.} 21. Ra2 {Prevents Re2+.} Nd6 22. Rd1 Nf5 (22... Rg4 $17 {And now ...Ne4+ would win.} 23. Kg1 Ne4) 23. a4 $15 g5 (23... h5 {seems wilder.} 24. a5 R4e6 25. Rd3 g6 26. Rf3 Nxd4 27. cxd4 Kg7) 24. hxg5 Nxd4 25. Rxd4 Rxd4 26. cxd4 $11 {[%mdl 4096] Endgame KR-KR} Re4 27. Rc2 Rxd4 28. Rc7 a5 29. bxa5 bxa5 30. Rc5 Rxa4 {...d4 is the strong threat.} 31. Rxd5 Ra2+ 32. Kf3 a4 33. Rd8+ Kg7 34. Ra8 a3 35. Kf4 (35. g4 $11) 35... Rf2+ $17 ({Don't play} 35... Rxg2 $6 36. Rxa3 Rb2 37. Ra7 $11) 36. Ke3 {Now White is beyond hope.} (36. Ke4 $17 {was called for.}) 36... Rxg2 $19 37. Kf3 Ra2 38. Kg4 Ra1 39. Kf5 $2 (39. Kh3 $19) 39... h5 $2 (39... a2 {mates} 40. Kg4 h6 41. gxh6+ Kxh6 42. Ra6+ Kg7 43. Ra5 f6 44. Ra8 Kh7 45. Ra7+ Kh6 46. Ra6 Kg6 47. Ra5 f5+ 48. Kf4 Rf1+ 49. Ke5 a1=Q+ 50. Rxa1 Rxa1 51. Ke6 Kg5 52. Kd7 Kg4 53. Ke6 Re1+ 54. Kd7 Kxg3 55. Kd6 f4 56. Kd5 f3 57. Kc5 f2 58. Kd6 f1=Q 59. Kd5 Qd3+ 60. Kc5 Rb1 61. Kc6 Rc1+ 62. Kb6 Qb3+ 63. Ka7 Ra1#) 40. gxh6+ Kxh6 {( -> ...Kh7)} 41. Kg4 $2 (41. Ra6+ $19 Kh7 42. Kg5) 41... a2 {Black mates.} 42. Rh8+ Kg6 43. Rh2 {[#]} f5+ $1 44. Kh4 Kh6 45. Kh3 Kg5 46. Kg2 Rb1 {Weighted Error Value: White=0.45/Black=0.24 (precise)} 0-1

[Event "20th Prague Open 2022"]
[Site "Prague"]
[Date "2022.01.11"]
[Round "6.8"]
[White "Carlsson, Ludvig"]
[Black "Nielsen, Andre"]
[Result "1-0"]
[WhiteElo "2355"]
[BlackElo "2232"]
[Annotator "TA"]
[PlyCount "65"]
[EventDate "2022.01.07"]
[EventType "swiss"]
[EventCountry "CZE"]
[SourceTitle "playchess.com"]
[Source "ChessBase"]
[SourceQuality "1"]

{[%evp 16,65,23,20,42,56,52,51,43,37,50,60,50,39,47,40,40,16,44,37,99,70,80,-102,-35,-33,21,31,35,51,106,112,243,257,318,314,349,337,338,337,427,440,436,415,478,392,399,383,408,383,595,585]} 1. e4 e5 2. Nf3 Nc6 3. Bb5 {[%cal Bf1b5,Bb5a4,Ba4b3][%mdl 32]} a6 4. Ba4 Nf6 5. O-O Bc5 6. c3 b5 7. Bb3 d6 8. d4 Bb6 9. a4 {Threatens to win with axb5.} Bg4 {C78: Ruy Lopez: Archangelsk and Möller Defences.} 10. h3 Bh5 11. Bg5 Rb8 {White is slightly better.} 12. d5 Ne7 13. Bxf6 gxf6 14. Bc2 Rg8 15. Kh2 Qc8 16. g3 Kf8 17. Nbd2 {[#]} Bg6 $146 (17... b4 $14) ({Predecessor:} 17... Kg7 18. axb5 axb5 19. Qe2 c6 20. dxc6 b4 21. c7 Qxc7 22. c4 Nc6 23. Qd3 Bg6 24. Rac1 Rgc8 25. Bd1 Ra8 26. Nb3 Ra2 27. Rc2 Qb7 28. Re1 Na5 {½-½ (28) Martello,J (2343)-Leite,D (2341) ICCF email 2018}) 18. a5 Ba7 19. g4 $2 (19. Nh4 $16 {stays on course.}) 19... c6 (19... h5 $17 20. Nh4 hxg4 21. Qxg4 Qxg4 22. hxg4 Bh7) 20. dxc6 Qxc6 (20... h5 $15 21. g5 Nxc6) 21. Nh4 $1 $11 d5 {[%cal Rd5e4]} 22. Qf3 ({Reject} 22. Nxg6+ hxg6 23. Qf3 d4 $17) 22... b4 {[#]} (22... d4 $14) 23. exd5 $1 $16 Nxd5 {This move loses the game for Black.} (23... Qxd5 $16 {was necessary.} 24. Ne4 Bxe4 25. Bxe4 Qc4) 24. Nxg6+ $18 hxg6 25. Be4 Qd6 {aiming for ...Nf4.} 26. Nc4 ({Worse is} 26. Bxd5 e4+ 27. Qg3 Qxd5 $17) 26... Qc7 27. Bxd5 e4+ 28. Qg3 Qc5 29. Nb6 {Nd7+ is the strong threat.} Kg7 30. Bxe4 Rbe8 31. Bg2 Bb8 32. f4 Re3 {[#]} (32... bxc3 $142 33. Qxc3 Qxc3 34. bxc3 Re2) 33. cxb4 $1 {Weighted Error Value: White=0.22 (precise) /Black=0.39} 1-0